000 00465nam a2200193Ia 4500
005 20240823032453.0
008 240823s9999||||xx |||||||||||||| ||und||
020 _a978-81-8014-177-5
041 _aENGLISH
082 _A629.2 Q1
100 _aKirpal Singh
245 0 _aAutomobile Engineering Vol II
250 _a12th
260 _c2011
_b"Standard Pub,New "
_aDelhi
500 _aYES
650 _aAutomobile
_bMechanical
942 _cBK
999 _c193516
_d193516